Œuvres clés - sculptures grecques - Statistiques

Statistiques générales
  • Ce quiz a été pris 11 fois
  • Le résultat moyen est 3 sur 20
Statistiques - réponses
Hint Réponse % Correct
150 Venus de Milo
91%
175 Victoire de Samothrace
82%
440 (Copie du) Doryphore de Polyclète
36%
360 (Copie de l') Aphrodite de Cnide de Praxytèle
18%
430 (Copie de l') Apollon sauroctone de Praxytèle
18%
420 (Copie du) Diadumène de Polyclète
18%
320 (Copie de l') Alexandre à la lance de Lysippe
9%
420 (Copie de la) Venus Genitrix de Callimaque
9%
510 Amphore d'Andokidès
0%
650 Aryballe corinthien du Louvre
0%
550 Cavalier Rampin
0%
150 (Copie de l') Hermaphrodite endormi de Polyclès
0%
450 Cratère des Niobides
0%
630 Dame d'Auxerre
0%
580 Dinos du peintre de la Gorgone
0%
447 Fragment des Ergastines (Frise des Panathénées)
0%
460 Héraclès et le Taureau de Crète
0%
570 Kouros de Punta
0%
472-456 (Maquette du) Temple de Zeus à Olympie
0%
480 Torse de Milet
0%
Aucun quiz correspondant
Distribution des résultats
% des personnes avec chaque résultat
Percentile par nombre de réponses
Votre historique - résultats
Vous n’avez pas pris ce quiz